000 00466nam a2200193 i 4500
001 bgj
100 1 _aPLAIN, Belva
245 0 _aRandom Winds /
_cBelva Plain.
260 _aNew York :
_bDelacorte Press,
_cc. 1980.
300 _a496 pp ;
_c24 cm.
650 9 _aMedical novels
650 9 _aDomestic fiction
020 _a0440071240
040 _cBPK
041 0 _aeng
920 _a0-440-07124-0
942 _cKS
008 s uk f |000 0 eng
999 _c47498
_d47498
856 _uhttp://koha.tu.koszalin.pl/cgi-bin/koha/opac-detail.pl?biblionumber=47498
_yKatalog online BPK